Whispering death : (Record no. 128719)

MARC details
000 -LEADER
fixed length control field 00798nam a22002417a 4500
005 - DATE AND TIME OF LATEST TRANSACTION
control field 20170124110044.0
010 ## - LIBRARY OF CONGRESS CONTROL NUMBER
LC control number B-687941
020 ## - INTERNATIONAL STANDARD BOOK NUMBER
Terms of availability 70.00
035 ## - SYSTEM CONTROL NUMBER
System control number B-687941
037 ## - SOURCE OF ACQUISITION
Source of stock number/acquisition Cen Lib/Ret
040 ## - CATALOGING SOURCE
Original cataloging agency DPL
Language of cataloging EN
082 ## - DEWEY DECIMAL CLASSIFICATION NUMBER
Classification number 796.353092
Item number HOL
100 ## - MAIN ENTRY--PERSONAL NAME
Personal name Holding, Michael
9 (RLIN) 24213
245 ## - TITLE STATEMENT
Title Whispering death :
Statement of responsibility, etc by Michael Holding [and] Tony Cozier
Remainder of title the life and times of Michael Holding /
260 ## - PUBLICATION, DISTRIBUTION, ETC. (IMPRINT)
Place of publication, distribution, etc New Delhi
Name of publisher, distributor, etc Rupa & Co.
Date of publication, distribution, etc 1993
270 ## - ADDRESS
Address 7/16 Ansari Road
City New Delhi
Postal code 110002
300 ## - PHYSICAL DESCRIPTION
Extent 222p. :
Dimensions 21cm(Hb)
Other physical details ill.
500 ## - GENERAL NOTE
General note Includes index.
650 ## - SUBJECT ADDED ENTRY--TOPICAL TERM
Topical term or geographic name as entry element West Indies
9 (RLIN) 24214
650 ## - SUBJECT ADDED ENTRY--TOPICAL TERM
Topical term or geographic name as entry element Cricket players
9 (RLIN) 74278
700 ## - ADDED ENTRY--PERSONAL NAME
Personal name Cozier, Tony
9 (RLIN) 24216
942 ## - ADDED ENTRY ELEMENTS (KOHA)
Source of classification or shelving scheme Dewey Decimal Classification
Koha item type English Books
Classification part 796.353092
Call number suffix HOL
Holdings
Withdrawn status Lost status Source of classification or shelving scheme Damaged status Not for loan Home library Current library Date acquired Source of acquisition Cost, normal purchase price Total Checkouts Full call number Barcode Date last seen Copy number Cost, replacement price Price effective from Koha item type
    Dewey Decimal Classification     Central Library Central Library 03/07/2015 Cen Lib/Ret 70.00   796.353092 HOL A-687941 03/07/2015 1 70.00 15/09/2016 English Books

© Delhi Public Library
Hit Counter
free hit counter